000 00244nam a22000977a 4500
999 _c11727
_d11727
008 200113b ||||| |||| 00| 0 eng d
020 _a0590535986
100 _aRathmaan Peggy
_97416
245 _aGood Night Gorilla
260 _aNew York
_bScholastic